Grammar and analysis of the english language

Guardado en:
Detalles Bibliográficos
Autor principal: Brooke
Formato: Libro
Lenguaje:inglés
Publicado: London George Gill and sons 1934
Materias:
Etiquetas: Agregar Etiqueta
Sin Etiquetas, Sea el primero en etiquetar este registro!

MARC

LEADER 00000nam a2200000 4500
001 c123488
005 20041019155228.5
041 0 |a eng 
044 |a GB 
245 1 0 |a Grammar and analysis of the english language  |c Brooke 
264 1 |a London  |b George Gill and sons  |c 1934 
300 |a 191 s. 
610 2 0 |a jazykoveda 
610 2 0 |a terminológia 
100 1 |a Brooke